An introduction to new media and cybercultures / (Record no. 3982)

000 -LEADER
fixed length control field 01495cam a2200373 a 4500
001 - CONTROL NUMBER
control field 15668072
003 - CONTROL NUMBER IDENTIFIER
control field OSt
005 - DATE AND TIME OF LATEST TRANSACTION
control field 20200205123022.0
008 - FIXED-LENGTH DATA ELEMENTS--GENERAL INFORMATION
fixed length control field 090320s2010 enk b 001 0 eng
010 ## - LIBRARY OF CONGRESS CONTROL NUMBER
LC control number 2009010790
015 ## - NATIONAL BIBLIOGRAPHY NUMBER
National bibliography number GBA999725
Source bnb
016 7# - NATIONAL BIBLIOGRAPHIC AGENCY CONTROL NUMBER
Record control number 015391500
Source Uk
020 ## - INTERNATIONAL STANDARD BOOK NUMBER
International Standard Book Number 9781405181679 (hardcover : alk. paper)
020 ## - INTERNATIONAL STANDARD BOOK NUMBER
International Standard Book Number 1405181672 (hardcover : alk. paper)
020 ## - INTERNATIONAL STANDARD BOOK NUMBER
International Standard Book Number 9781405181662 (pbk. : alk. paper)
020 ## - INTERNATIONAL STANDARD BOOK NUMBER
International Standard Book Number 1405181664 (pbk. : alk. paper)
035 ## - SYSTEM CONTROL NUMBER
System control number (OCoLC)ocn316772265
040 ## - CATALOGING SOURCE
Original cataloging agency DLC
Transcribing agency DLC
Modifying agency C#P
-- BWX
-- YDXCP
-- UKM
-- CDX
-- AU@
-- DLC
050 00 - LIBRARY OF CONGRESS CALL NUMBER
Classification number HM851.N385 2010
082 00 - DEWEY DECIMAL CLASSIFICATION NUMBER
Classification number 303.48/33
Edition number 22
100 1# - MAIN ENTRY--PERSONAL NAME
Personal name Nayar, Pramod K.
245 13 - TITLE STATEMENT
Title An introduction to new media and cybercultures /
Statement of responsibility, etc Pramod K. Nayar.
260 ## - PUBLICATION, DISTRIBUTION, ETC. (IMPRINT)
Place of publication, distribution, etc Chichester, West Sussex, U.K. ;
-- Malden, MA :
Name of publisher, distributor, etc Wiley-Blackwell,
Date of publication, distribution, etc 2010.
300 ## - PHYSICAL DESCRIPTION
Extent vii, 216 p. ;
Dimensions 25 cm.
504 ## - BIBLIOGRAPHY, ETC. NOTE
Bibliography, etc Includes bibliographical references (p. [187]-213) and index.
505 0# - FORMATTED CONTENTS NOTE
Formatted contents note "Reading" cybercultures -- Popular cybercultures -- Bodies -- Subcultures -- Gender and sexualities -- Public spaces -- Cybercultures: new formations -- Conclusion.
650 #0 - SUBJECT ADDED ENTRY--TOPICAL TERM
Topical term or geographic name as entry element Cyberspace
General subdivision Social aspects.
650 #0 - SUBJECT ADDED ENTRY--TOPICAL TERM
Topical term or geographic name as entry element Internet
General subdivision Social aspects.
650 #0 - SUBJECT ADDED ENTRY--TOPICAL TERM
Topical term or geographic name as entry element Computers and civilization.
650 #0 - SUBJECT ADDED ENTRY--TOPICAL TERM
Topical term or geographic name as entry element Information society.
906 ## - LOCAL DATA ELEMENT F, LDF (RLIN)
a 7
b cbc
c orignew
d 1
e ecip
f 20
g y-gencatlg
942 ## - ADDED ENTRY ELEMENTS (KOHA)
Source of classification or shelving scheme
Koha item type Book
Holdings
Withdrawn status Lost status Source of classification or shelving scheme Damaged status Not for loan Home library Current library Shelving location Date acquired Total Checkouts Full call number Barcode Date last seen Date checked out Copy number Price effective from Koha item type
          Riara University Library Riara University Library General stack 05/06/2018 3 HM851.N385 2010 10039/18 06/03/2019 14/01/2019 C.1 05/06/2018 Reference material
          Riara University Library Riara University Library General stack 05/06/2018 3 HM851.N385 2010 10040/18 18/03/2019 31/01/2019 C.2 05/06/2018 Reference material

Riara University Library,
P.O. Box 49940-00100,
Nairobi, Kenya.